Countries Closest to Brazil A-Z - Statistics

General Stats
  • This quiz has been taken 146 times
    114 since last reset
  • The average score is 20 of 24
Answer Stats
Letter Country % Correct
A Argentina
100%
C Colombia
98%
B Bolivia
96%
P Paraguay/Peru
96%
E Ecuador
94%
G Guyana
94%
Y Yemen
94%
U Uruguay
93%
V Venezuela
93%
S Suriname
92%
O Oman
90%
Q Qatar
90%
Z Zambia
90%
D Dominica
88%
F France
88%
N Nicaragua
87%
H Haiti
85%
J Jamaica
84%
T Trinidad and Tobago
79%
M Mexico
74%
K Kenya
61%
R Rwanda
61%
L Liberia
57%
I Ivory coast
45%
No matching quizzes found
Score Distribution
Percent of People with Each Score
Percentile by Number Answered
Your Score History
You have not taken this quiz since the last reset